Анатомия семенных растений. (Record no. 16960)
[ view plain ]
| 000 -LEADER | |
|---|---|
| fixed length control field | 00952nam a2200241 a 4500 |
| 001 - CONTROL NUMBER | |
| control field | 000058667 |
| 003 - CONTROL NUMBER IDENTIFIER | |
| control field | AM-YEHGA |
| 005 - DATE AND TIME OF LATEST TRANSACTION | |
| control field | 20250617121504.0 |
| 008 - FIXED-LENGTH DATA ELEMENTS--GENERAL INFORMATION | |
| fixed length control field | 970912s1980 ru |||||||||||||rus d |
| 040 ## - CATALOGING SOURCE | |
| Original cataloging agency | AM-YeHGA |
| 041 1# - LANGUAGE CODE | |
| Language code of text/sound track or separate title | rus |
| Language code of original | eng |
| 090 ## - LOCALLY ASSIGNED LC-TYPE CALL NUMBER (OCLC); LOCAL CALL NUMBER (RLIN) | |
| -- | 17095 |
| 100 1# - MAIN ENTRY--PERSONAL NAME | |
| Personal name | Эзау, Кэтрин |
| 245 10 - TITLE STATEMENT | |
| Title | Анатомия семенных растений. |
| Remainder of title | Перевод с английского / |
| Statement of responsibility, etc. | К. Эзау ; Пер. А. Е. Васильева и др. ; Под ред. А.Л. Тахтаджяна. |
| 246 11 - VARYING FORM OF TITLE | |
| Title proper/short title | Anatomy of seed plants |
| 260 ## - PUBLICATION, DISTRIBUTION, ETC. | |
| Place of publication, distribution, etc. | Москва : |
| Name of publisher, distributor, etc. | Мир, |
| Date of publication, distribution, etc. | 1980. |
| 300 ## - PHYSICAL DESCRIPTION | |
| Extent | книга |
| 505 10 - FORMATTED CONTENTS NOTE | |
| Miscellaneous information | Кн. 1 (1980, 218 с. : ил., 32 л. ил.) : |
| -- | Кн. 2 (1980, 230-558 с. : ил., 32 л. ил) |
| 650 14 - SUBJECT ADDED ENTRY--TOPICAL TERM | |
| Topical term or geographic name entry element | Биологические науки |
| 700 1# - ADDED ENTRY--PERSONAL NAME | |
| Personal name | Васильева, А.Е. |
| Relator term | пер. |
| Relationship | trl |
| 700 1# - ADDED ENTRY--PERSONAL NAME | |
| Personal name | Թախտաջյան, Արմեն Լևոնի, |
| Dates associated with a name | 1910- |
| Relator term | ред. |
| Relationship | edt |
| 942 ## - ADDED ENTRY ELEMENTS (KOHA) | |
| Source of classification or shelving scheme | Universal Decimal Classification |
| Koha item type | Գրքեր / Books |
| Withdrawn status | Lost status | Source of classification or shelving scheme | Damaged status | Not for loan | Collection | Home library | Current library | Date acquired | Serial enumeration / chronology | Total checkouts | Full call number | Barcode | Date last seen | Price effective from | Koha item type | Public note |
|---|---|---|---|---|---|---|---|---|---|---|---|---|---|---|---|---|
| Universal Decimal Classification | General | Fundamental Scientific Library | Fundamental Scientific Library | 21/12/2016 | Кн. 1 | PII/448656 | FL0352780 | 21/12/2016 | 21/12/2016 | Գրքեր / Books | 30 Days Loan | |||||
| Universal Decimal Classification | General | Fundamental Scientific Library | Fundamental Scientific Library | 21/12/2016 | Кн. 2 | PII/450041 | FL0346149 | 21/12/2016 | 21/12/2016 | Գրքեր / Books | 30 Days Loan | |||||
| Universal Decimal Classification | General | Fundamental Scientific Library | Fundamental Scientific Library | 21/12/2016 | Кн. 1 | PII/450652 | FL0342590 | 21/12/2016 | 21/12/2016 | Գրքեր / Books | 30 Days Loan | |||||
| Universal Decimal Classification | General | Fundamental Scientific Library | Fundamental Scientific Library | 21/12/2016 | Кн. 2 | PII/450654 | FL0342592 | 21/12/2016 | 21/12/2016 | Գրքեր / Books | 30 Days Loan | |||||
| Universal Decimal Classification | General | Fundamental Scientific Library | Fundamental Scientific Library | 21/12/2016 | Кн. 2 | PII/450655 | FL0342593 | 21/12/2016 | 21/12/2016 | Գրքեր / Books | 30 Days Loan | |||||
| Universal Decimal Classification | General | Fundamental Scientific Library | Fundamental Scientific Library | 21/12/2016 | Кн. 1 | PII/450663 | FL0342591 | 21/12/2016 | 21/12/2016 | Գրքեր / Books | 30 Days Loan |
ՀՀ Գիտությունների ազգային ակադեմիայի հիմնարար գիտական գրադարան = Fundamental Scientific Library of NAS RA
All site content, except where otherwise noted, is licensed under a